Antike Römische Kaiser - Statistiken

Allgemein
  • Dieses Quiz wurde 969 mal gespielt
  • Das Durchschnittsergebnis liegt bei 34 aus 114
Antwortstatistiken
Hint Antwort % Korrekt
54–68 NERO
95%
27 v.–14 n. Chr. AUGUSTUS
94%
37–41 CALIGULA
66%
306/307–337 KONSTANTIN I.
65%
337–340 KONSTANTIN II.
65%
613–641 KONSTANTIN III.
65%
14–37 TIBERIUS
65%
117–138 HADRIAN
64%
41–54 CLAUDIUS
62%
161–180 MARK AUREL
60%
98–117 TRAJAN
60%
79–81 TITUS
56%
69–79 VESPASIAN
56%
180–192 COMMODUS
52%
81–96 DOMITIAN
45%
68–69 GALBA
45%
475–476 MARCUS
45%
69 OTHO
45%
69 VITELLIUS
44%
284–305 DIOKLETIAN
41%
96–98 NERVA
41%
138–161 ANTONINUS PIUS
40%
193–211 SEPTIMIUS SEVERUS
40%
211–217 CARACALLA
39%
222–235 SEVERUS ALEXANDER
37%
461–465 LIBIUS SEVERUS
36%
306–307 SEVERUS
36%
379–395 THEODOSIUS I.
35%
408–450 THEODOSIUS II.
35%
590–602 THEODOSIUS III.
35%
518–527 JUSTIN I.
34%
565–578 JUSTIN II.
34%
211 GETA
33%
360–363 JULIAN
33%
218–222 ELAGABAL
32%
270–275 AURELIAN
31%
527–565 JUSTINIAN I.
31%
337–350 CONSTANS
30%
247–249 PHILIPPUS II.
30%
238–244 GORDIAN III.
29%
457–474 LEO I.
29%
474 LEO II.
29%
275–276 TACITUS
29%
305–306 CONSTANTIUS I.
28%
337–361 CONSTANTIUS II.
28%
421 CONSTANTIUS III.
28%
383–388 MAGNUS MAXIMUS
28%
395–423 HONORIUS
27%
363–364 JOVIAN
27%
193 PERTINAX
27%
316–317? | 364–378 VALENS
27%
364–375 VALENTINIAN I.
27%
375–392 VALENTINIAN II.
27%
425–455 VALENTINIAN III.
27%
395–408 ARCADIUS
25%
249–251 DECIUS
25%
276 FLORIANUS
25%
423–425 JOHANNES
25%
306–312 MAXENTIUS
25%
286–305 | 307–308 | 310 MAXIMIAN
25%
235–238 MAXIMINUS THRAX
25%
455 PETRONIUS MAXIMUS
25%
276–282 PROBUS
25%
253–260 VALERIAN
25%
161–169 VERUS
25%
253–268 GALLIENUS
24%
308–324 LICINIUS
24%
450–457 MARKIAN
24%
467–472 ANTHEMIUS
23%
283–285 CARINUS
23%
282–283 CARUS
23%
473–474 GLYCERIUS
23%
474–480 IULIUS NEPOS
23%
251–253 TREBONIANUS GALLUS
23%
305–311 GALERIUS
22%
375–383 GRATIAN
22%
217–218 MACRINUS
22%
283–284 NUMERIAN
22%
238 BALBINUS
21%
472 OLYBRIUS
21%
244–249 PHILIPPUS ARABS
21%
474–491 ZENO
21%
457–461 MAJORIAN
20%
491–518 ANASTASIUS I.
19%
268–270 CLAUDIUS GOTHICUS
19%
251 HOSTILIAN
19%
582–602 MAURIKIOS
19%
238 PUPIENUS
19%
455–456 AVITUS
17%
610–641 HERAKLEIOS
16%
260–269 POSTUMUS
16%
271–274 TETRICUS I.
16%
310–313 MAXIMINUS DAIA
15%
602–610 PHOKAS
15%
578–582 TIBERIOS I.
15%
387–388 VICTOR
15%
350 VETRANIO
14%
493–526 THEODERICH
13%
251–253 VOLUSIANUS
13%
253 AEMILIANUS
12%
475–476 BASILISCUS
12%
193–197 CLODIUS ALBINUS
12%
270 QUINTILLUS
12%
269–271 VICTORINUS
12%
269 MARIUS
10%
193 DIDIUS IULIANUS
9%
251 HERANNIUS ETRUSCUS
7%
260 SALONINUS
7%
218 DIADUMENIANUS
6%
350/51 NEPOTIANUS
3%
324 MARTINIANUS
2%
Keine übereinstimmenden Quizze gefunden
Verteilung der Resultate
Anzahl Personen mit jedem Resultat
Perzentil nach korrekt beantworteten Fragen
Ihre Resultats-Entwicklung
Sie haben dieses Quiz noch nicht gespielt